Современные методы борьбы с грызунами : (Record no. 370799)
[ view plain ]
| 000 -LEADER | |
|---|---|
| fixed length control field | 01122nam a2200217 a 4500 |
| 001 - CONTROL NUMBER | |
| control field | 001159660 |
| 003 - CONTROL NUMBER IDENTIFIER | |
| control field | AM-YeHGA |
| 005 - DATE AND TIME OF LATEST TRANSACTION | |
| control field | 20250617152431.0 |
| 008 - FIXED-LENGTH DATA ELEMENTS--GENERAL INFORMATION | |
| fixed length control field | 160627s1977 ||| r 000 0 rus d |
| 040 ## - CATALOGING SOURCE | |
| Original cataloging agency | AM-YeHGA |
| 041 0# - LANGUAGE CODE | |
| Language code of text/sound track or separate title | rus |
| 090 ## - LOCALLY ASSIGNED LC-TYPE CALL NUMBER (OCLC); LOCAL CALL NUMBER (RLIN) | |
| -- | 372677 |
| 100 1# - MAIN ENTRY--PERSONAL NAME | |
| Personal name | Пегельман, Сильвия Гансовна |
| 245 10 - TITLE STATEMENT | |
| Title | Современные методы борьбы с грызунами : |
| Remainder of title | Лекции для студентов факультета защиты растений и слушателей ФПК / |
| Statement of responsibility, etc. | С.Г. Пегельман; Ленингр. с.-х. ин-т. Каф. зоологии, анатомии и физиологии с.-х. животных. |
| 260 ## - PUBLICATION, DISTRIBUTION, ETC. | |
| Place of publication, distribution, etc. | Ленинград |
| -- | Пушкин : |
| Name of publisher, distributor, etc. | Б. И., |
| Date of publication, distribution, etc. | 1977. |
| 300 ## - PHYSICAL DESCRIPTION | |
| Extent | 24 с. |
| 504 ## - BIBLIOGRAPHY, ETC. NOTE | |
| Bibliography, etc. note | Библиогр.: с. 24 |
| 653 0# - INDEX TERM--UNCONTROLLED | |
| Uncontrolled term | Грызуны |
| 653 0# - INDEX TERM--UNCONTROLLED | |
| Uncontrolled term | Дератизация |
| 710 2# - ADDED ENTRY--CORPORATE NAME | |
| Corporate name or jurisdiction name as entry element | Ленинградский сельскохозяйственный институт |
| Subordinate unit | Кафедра зоологии, анатомии и физиологии сельскохозяйственных животных |
| Withdrawn status | Lost status | Damaged status | Not for loan | Collection | Home library | Current library | Date acquired | Total checkouts | Full call number | Barcode | Date last seen | Price effective from | Koha item type | Public note |
|---|---|---|---|---|---|---|---|---|---|---|---|---|---|---|
| General | Fundamental Scientific Library | Fundamental Scientific Library | 11/01/2017 | РII/400514 | FL0410347 | 11/01/2017 | 11/01/2017 | Գրքեր / Books | 30 Days Loan |
ՀՀ Գիտությունների ազգային ակադեմիայի հիմնարար գիտական գրադարան = Fundamental Scientific Library of NAS RA
All site content, except where otherwise noted, is licensed under a